Responses for Show #4265 - Friday, February 28, 2003

Contestants

[<< previous game]

Rich Reddick, a graduate student originally from Austin, Texas

Susan Jensen, a lawyer from Huntington Beach, California

Jeff Fowler, a writer and actor from Los Angeles, California (whose 1-day cash winnings total $16,600)

[next game >>]

Jeopardy! Round responses

CHEMISTRY CLASS
(Alex: Hey, you're going back to school!)
ROCK & ROLL JEOPARDY!
WORKPLACES
ANIMAL TALK
HIGHWAYS & BYWAYS
"Q" & A
    $200 26
(Alex: Less than a minute.)

Robert Bunsen

Jeff
    $200 1
Nirvana

Jeff
    $200 6
restaurant

Rich
    $200 15
camel

Jeff
    $200 7
Pennsylvania Avenue

Jeff
    $200 16
Queen Mary

Susan
    $400 27
(Jeff: What is hydrogen?)
....
[buzzer sounds to end the round]

oxygen

JeffRich
    $400 2
(Susan: Who is Santana?)

Ricky Martin

JeffSusan
    $400 11
mailroom

Susan
    $400 22
rats

Rich
    $400 8
Downing Street

Rich
    $400 17
quest

Jeff
    $600 3
"Pretty Woman"

Rich
    $600 12
emergency room

Rich
    $600 23
horses

Rich
    $600 9
San Francisco

Jeff
    $600 18
quadricep

Susan
    $800 5
Oasis

Rich
    $800 13
field offices

Jeff
    $800 24
(Rich: What is a lion?)
(Susan: What is a vulture?)

coyote

SusanRich
Triple Stumper
    $800 10
(Susan: What is the Champs-Elysees?)

5th Avenue

Susan
Triple Stumper
    $800 19
Quonset hut

Rich
    $1000 4
The Beastie Boys

Susan
    $1000 14
die

Rich
    $2,500 25
ape

Rich
    $1000 20
(Jeff: What is the Champs D'Elysees?)
[Jeff was initially ruled correct; reversed at clue #25]

Champs-Elysees

Jeff
Triple Stumper
    $1000 21
quarterdeck

Rich

Scores at the first commercial break (after clue 15):

Jeff Susan Rich
$2,400 $200 $3,600

Scores at the end of the Jeopardy! Round:

Jeff Susan Rich
$1,600 $200 $8,500

Double Jeopardy! Round responses

SHAKESPEARE
OLD GAME SHOWS
RUN FOR THE BORDER
(Alex: You have to identify the foreign country nearest each place we name.)
SCUBA DIVING
NAMES FROM THE PAST
"POCKET" CHANGE
    $400 1
Desdemona

Jeff
    $400 18
bowling alleys

Rich
    $400 4
Argentina

Susan
    $400 22
reef

Jeff
    $400 11
Athens

Jeff
    $400 8
(Susan: What are billiards?)

pocket billiards

JeffSusan
    $800 2
(Rich: Who is Richard III?)

King Lear

JeffRich
    $800 19
I've Got a Secret

Triple Stumper
    $800 7
(Rich: What is South Dakota?)

Canada

JeffRich
    $800 23
(Alex: With a minute to go.)

ears

Rich
    $800 12
Venus

Susan
    $800 9
pocket bread

Jeff
    $1200 3
The Tempest

Rich
    $1200 20
College Bowl

Triple Stumper
    $1200 16
Iran

Rich
    $1200 24
(Susan: What is "Sea Wolf?")

Sea Hunt

Susan
Triple Stumper
    $1200 13
Austria

Rich
    $1200 10
pocket veto

Rich
    $1600 5
As You Like It

Triple Stumper
    $1600 21
The Newlywed Game

Jeff
    $2,000 17
Afghanistan

Rich
    $1600 14
Margaret Sanger

Susan
    $1600 25
(Alex: And you don't want them in your backyard!)

pocket gophers

Triple Stumper
    $2000 6
sleep

Triple Stumper
    $2000 28
[The end-of-round signal sounds.]

Double Dare

Jeff
    $2000 26
(Jeff: What is Ethiopia?)

Tanzania

Jeff
Triple Stumper
    $1,300 15
(Susan: What are the Rosenbergs?)

the Dreyfus affair

Susan
    $2000 27
Pocketful of Miracles

Triple Stumper

Scores at the end of the Double Jeopardy! Round:

Jeff Susan Rich
$7,200 $100 $14,900
(lock game)

[wagering suggestions for these scores]

Final Jeopardy! Round responses

THE USA
(Alex: What do you know about the good old USA?)
SusanWhat are * Texas and Indiana.
$99
JeffWhat are California and Rhode Island
$6,999
RichWhat are Texas & Del.
$450
Texas & West Virginia

Final scores:

Jeff Susan Rich
$201 $1 $14,450
2nd place: $2,000 3rd place: $1,000 New champion: $14,450

Game dynamics:

Coryat scores:

Jeff Susan Rich
$7,200 $1,400 $13,000
17 R,
3 W
7 R,
6 W
(including 1 DD)
19 R
(including 2 DDs),
3 W

Combined Coryat: $21,600

[game clues] [game scores] [suggest correction]

Game tape date: 2002-11-07
The J! Archive is created by fans, for fans. Scraping, republication, monetization, and malicious use prohibited; this site may use cookies and collect identifying information. See terms. The Jeopardy! game show and all elements thereof, including but not limited to copyright and trademark thereto, are the property of Jeopardy Productions, Inc. and are protected under law. This website is not affiliated with, sponsored by, or operated by Jeopardy Productions, Inc. Join the discussion at JBoard.tv.